Statistics for All lyrics to Don't Let Me Go (Shrek - the musical)

Click here to take the quiz!

General Stats

  • This quiz has been taken 66 times
  • The average score is 248 of 315

Answer Stats

Lyric% Correct
do
100%
do.
100%
don't
100%
Don't
100%
let
100%
me.
100%
me
100%
me,
100%
a
97%
go
97%
go.
97%
I
97%
I'll
97%
it
97%
it,
97%
know,
97%
know
97%
what
97%
you.
97%
You
97%
you
97%
you,
97%
Like
93%
like
93%
We
93%
we
93%
when
93%
with
93%
an
90%
be
90%
get
90%
got
90%
it's
90%
to
90%
And
86%
and
86%
and,
86%
freak...
86%
gotta
86%
maybe
86%
need
86%
speak.
86%
speak,
86%
together
86%
together.
86%
your
86%
considered
83%
shave
83%
the
83%
well
83%
we'll
83%
why
83%
But
79%
but
79%
pal,
79%
stick
79%
that
79%
that's
79%
friend,
76%
hairy.
76%
might
76%
my
76%
No
76%
open.
76%
out,
76%
So
76%
back,
72%
scary.
72%
things
72%
despise
69%
feel
69%
gets
69%
soup,
69%
arrested.
66%
bail
66%
calendar's
66%
hear
66%
Just
66%
not
66%
others
66%
roll
66%
stop
66%
bring
62%
eyes,
62%
congested.
59%
If
59%
say?
59%
surprise
59%
we're
59%
You're
59%
body.
55%
hide
55%
kill
55%
man,
55%
on
55%
responding.
55%
yang,
55%
yin
55%
bonding.
52%
diabetes.
52%
moping.
52%
never
52%
think
52%
bits,
48%
break.
48%
hip,
48%
hip
48%
I'm
48%
kid
48%
lady
48%
old
48%
at
45%
fat
45%
fuzzy
45%
Mikey,
45%
right
45%
treat
45%
velcro
45%
cake.
41%
side
41%
spiky.
41%
belong
38%
doughnuts?
38%
Doughnuts
38%
doughnuts
38%
goes
38%
kibbles
38%
pop
38%
shoddy.
38%
stuff,
38%
you'll
38%
attached
34%
butter
34%
Cupid
34%
feeties.
34%
gonna
34%
rocks
34%
Chang
31%
grits,
31%
Oh,
28%
in
24%
please.
24%
Please
24%
bottom,
21%
kids
21%
Psyche,
21%
those
21%
funny
17%
Hold
17%
Stern
17%
take
17%
Eng
14%
hug
14%
little
14%
pyjamas
14%
Trang,
10%

Score Distribution

Percentile by Number Answered

Percent of People with Each Score

Your Score History

You have not taken this quiz